BMW Quiz - Statistics

General Stats
  • This quiz has been taken 270 times
  • The average score is 42 of 86
Answer Stats
Picture Hint Answer % Correct
Series 3 E36
82%
Z3 E36
82%
Series 3 E46
82%
Series 3 E30
81%
Z1 E30
81%
Series 5 E60
77%
Series 3 E92
77%
Series 3 E90
76%
Series 5 F10
76%
Series 5 E39
74%
Series 3 E91
74%
Series 3 E93
73%
Series 5 E34
69%
Series 5 E61
69%
Series 3 F30
68%
Series 5 E28
66%
Series 5 F11
66%
M3 G80
66%
Series 3 E21
65%
Series 1 F20
64%
Series 7 E38
62%
M5 F90
62%
Series 3 F31
61%
Series 6 E24
58%
Series 7 E32
58%
Series 1 E87
58%
Series 5 G30
58%
Series 3 G20
55%
Series 4 F32
54%
M4 F82
54%
Series 8 E31
53%
Series 5 G31
53%
Series 7 E23
52%
Series 6 E63
52%
Series 1 E82
51%
Series 6 F12
51%
Series 3 G21
51%
Series 5 E12
50%
Series 7 E65
50%
Series 2 F22
49%
Series 4 F33
48%
Series 1 F40
48%
M2 F87
46%
X5 F15
44%
X5 E70
42%
X3 E83
42%
X6 F16
42%
Series 2 F23
42%
Series 7 E67
41%
Z4 E89
40%
Series 3 F34
40%
X6 E71
39%
Z4 E85
39%
Series 7 F01
39%
Z4 E86
38%
X3 F25
38%
Series 6 G32
38%
Series 2 F45
37%
Series 2 F46
37%
X5 E53
36%
X1 E84
36%
Series 7 G12
36%
Series 4 G26
36%
I4 G26
36%
Series 2 F44
34%
X1 F48
34%
Series 1 F52
34%
Series 7 G11
34%
X4 F26
33%
X3 G01
33%
Series 8 G14
33%
Series 8 G16
33%
X4 G02
32%
X5 G05
32%
Series 8 G15
32%
X2 F39
31%
X6 G06
31%
Series 3 Li(Chinese version) G28
31%
Series 2 G42
31%
Z4 G29
30%
Series 6 F06
29%
X7 G07
29%
Z8 E52
28%
Series 5 F07
27%
I8 I12
15%
I3 I01
12%
No matching quizzes found
Score Distribution
Percent of People with Each Score
Percentile by Number Answered
Your Score History
You have not taken this quiz